[Event "Fast Traffic"]
[Site "Ottawa CAN"]
[Date "2004.04.18"]
[Round "3"]
[White "Patterson, Roger"]
[Black "Pacey, Kevin"]
[Result "1/2-1/2"]
[WhiteElo "2148"]
[BlackElo "2223"]
[PlyCount "81"]
[GameId "2160767911166681"]
[EventDate "2004.04.18"]
[EventType "swiss (rapid)"]
[EventRounds "4"]
[EventCountry "CAN"]

1. e4 Nc6 2. Nf3 d6 3. d4 Nf6 4. Nbd2 g6 5. Bb5 Bd7 6. c3 Bg7 7. O-O O-O 8. Re1 e5 9. Qc2 Nxd4 10. Nxd4 exd4 11. Bxd7 dxc3 12. Bb5 cxd2 13. Bxd2 c6 14. Bd3 d5 15. Bg5 dxe4 16. Bxe4 Re8 17. Rad1 Qa5 18. Bxf6 Bxf6 19. b3 Rad8 20. Rf1 Qb4 21. Bf3 Rd4 22. Rxd4 Bxd4 23. g3 a5 24. Kg2 Re1 25. Rxe1 Qxe1 26. Qe2 Qb4 27. Be4 Qc5 28. Bd3 b5 29. Qc2 Qb6 30. Be4 c5 31. Bd5 Qf6 32. Bf3 Qd6 33. Qe2 Qd7 34. Be4 a4 35. Bd3 c4 36. bxc4 b4 37. Bc2 Qc6+ 38. Qf3 Qxc4 39. Bxa4 Qxa2 40. Bb3 Qa7 41. h4 1/2-1/2

[Event "Fast Traffic"]
[Site "Ottawa CAN"]
[Date "2004.04.18"]
[Round "4"]
[White "Pacey, Kevin"]
[Black "De Kerpel, Stijn"]
[Result "0-1"]
[WhiteElo "2223"]
[BlackElo "2006"]
[PlyCount "84"]
[GameId "2160767911166682"]
[EventDate "2004.04.18"]
[EventType "swiss (rapid)"]
[EventRounds "4"]
[EventCountry "CAN"]

1. f4 g6 2. Nf3 Bg7 3. g3 Nf6 4. Bg2 d6 5. O-O O-O 6. d3 Nc6 7. e4 e5 8. Nc3 exf4 9. Bxf4 Bg4 10. Qd2 Bxf3 11. Bxf3 Nd4 12. Bg2 Ne6 13. Bh6 c6 14. Bxg7 Kxg7 15. Kh1 Qb6 16. Rae1 Rae8 17. e5 dxe5 18. Rxe5 Qd4 19. Ree1 Nc7 20. Rf4 Rxe1+ 21. Qxe1 Qd6 22. Ne4 Nxe4 23. Rxe4 Ne6 24. h4 h5 25. Kh2 Nd4 26. Qd2 f5 27. Rf4 Ne6 28. Rb4 Rf7 29. Qc3+ Kh7 30. Qb3 b5 31. Qa3 c5 32. Rxb5 f4 33. d4 Qxd4 34. Ra5 Qf2 35. Qf3 fxg3+ 36. Qxg3 Qxc2 37. Qb3 Qf5 38. Qd5 Qf4+ 39. Kg1 Qf2+ 40. Kh2 Nd4 41. Ra3 Qxh4+ 42. Kg1 Ne2# 0-1

[Event "Gatineau op"]
[Site "Gatineau CAN"]
[Date "2004.02.21"]
[Round "1"]
[White "Arsenault, Michel"]
[Black "Pilon, Robert"]
[Result "1-0"]
[WhiteElo "2025"]
[BlackElo "1503"]
[PlyCount "55"]
[GameId "2160767911192115"]
[EventDate "2004.02.??"]
[EventType "swiss"]
[EventRounds "5"]
[EventCountry "CAN"]
[SourceTitle "EXT 2005"]
[Source "ChessBase"]
[SourceDate "2004.11.15"]
[SourceVersion "1"]
[SourceVersionDate "2004.11.15"]
[SourceQuality "1"]

1. c4 Nf6 2. g3 c6 3. Nf3 d5 4. b3 g6 5. Bb2 Bg7 6. Bg2 O-O 7. O-O Re8 8. d4 Bf5 9. Nbd2 Ne4 10. e3 Nxd2 11. Nxd2 e5 12. dxe5 Bxe5 13. Bxe5 Rxe5 14. Nf3 Bg4 15. Qd4 Re4 16. Qd2 Bxf3 17. Bxf3 Re5 18. Rad1 Qf6 19. Bg2 Na6 20. cxd5 Rd8 21. Qc3 Rd6 22. dxc6 bxc6 23. Rxd6 Qxd6 24. Qxc6 Qxc6 25. Bxc6 Nb4 26. Bf3 Nxa2 27. Ra1 Ra5 28. Be2 1-0

[Event "Gatineau op"]
[Site "Gatineau CAN"]
[Date "2004.02.21"]
[Round "1"]
[White "Ethier, Valori"]
[Black "Rose, Richard1"]
[Result "0-1"]
[WhiteElo "1441"]
[BlackElo "1817"]
[PlyCount "108"]
[GameId "2160767911192116"]
[EventDate "2004.02.??"]
[EventType "swiss"]
[EventRounds "5"]
[EventCountry "CAN"]
[SourceTitle "EXT 2005"]
[Source "ChessBase"]
[SourceDate "2004.11.15"]
[SourceVersion "1"]
[SourceVersionDate "2004.11.15"]
[SourceQuality "1"]

1. e4 c5 2. Nf3 Nc6 3. d4 cxd4 4. Nxd4 d6 5. f4 Nf6 6. Nc3 e6 7. Be2 Be7 8. O-O Qb6 9. Bb5 O-O 10. Bxc6 bxc6 11. Kh1 e5 12. Nb3 Ng4 13. Qe1 Ba6 14. Rf3 f5 15. h3 fxe4 16. Nxe4 Nf6 17. Be3 Qc7 18. Nxf6+ Bxf6 19. c3 e4 20. Rf1 Bxf1 21. Qxf1 Kh8 22. Rd1 d5 23. Nc5 Rfe8 24. g4 Qf7 25. Nb3 Qb7 26. Qe2 Rab8 27. Rd2 Qc7 28. Nc5 Qf7 29. Nb3 Rb5 30. f5 Qe7 31. Nd4 Bxd4 32. Rxd4 Reb8 33. b3 a5 34. Kg2 Rf8 35. Qf2 Rb7 36. Ra4 Ra8 37. Bd4 e3 38. Qxe3 Qxe3 39. Bxe3 Re8 40. Kf3 Rb5 41. c4 dxc4 42. Rxc4 Rd5 43. Rxc6 g6 44. fxg6 Rd3 45. Rf6 Rdxe3+ 46. Kf4 Kg7 47. Rf5 hxg6 48. Rxa5 Kf6 49. g5+ Kf7 50. Ra7+ Kf8 51. Ra4 Rxh3 52. Kg4 Rc3 53. Rf4+ Kg7 54. Rf2 Re4+ 0-1

[Event "Gatineau op"]
[Site "Gatineau CAN"]
[Date "2004.02.27"]
[Round "2"]
[White "Rose, Yves"]
[Black "Ethier, Valori"]
[Result "1-0"]
[WhiteElo "1260"]
[BlackElo "1441"]
[PlyCount "159"]
[GameId "2160767911192117"]
[EventDate "2004.02.??"]
[EventType "swiss"]
[EventRounds "5"]
[EventCountry "CAN"]
[SourceTitle "EXT 2005"]
[Source "ChessBase"]
[SourceDate "2004.11.15"]
[SourceVersion "1"]
[SourceVersionDate "2004.11.15"]
[SourceQuality "1"]

1. e4 c6 2. d4 d5 3. exd5 cxd5 4. Nf3 Nf6 5. Bb5+ Nc6 6. Ne5 Bd7 7. Nc3 e6 8. Bg5 Be7 9. Qf3 Nxd4 10. Bxd7+ Qxd7 11. Qd3 Nxc2+ 12. Qxc2 Qc7 13. Qa4+ Nd7 14. Nxd7 Qxd7 15. Qxd7+ Kxd7 16. Bxe7 Kxe7 17. O-O Rhc8 18. Rfe1 Kd7 19. Rac1 Rc6 20. Nb5 a6 21. Nd4 Rc4 22. Rxc4 dxc4 23. Rd1 Kc7 24. Rc1 b5 25. b3 Rd8 26. Nf3 f6 27. bxc4 bxc4 28. Rxc4+ Kb6 29. h3 g6 30. Rb4+ Kc7 31. Nd4 Rd6 32. Rc4+ Kb7 33. Nb3 Kb6 34. Re4 g5 35. h4 h6 36. hxg5 hxg5 37. Nd4 e5 38. Nb3 a5 39. Ra4 Rd5 40. Rc4 f5 41. Rc8 f4 42. Rg8 e4 43. Re8 a4 44. Re6+ Kb5 45. Rxe4 axb3 46. axb3 Rc5 47. Kh2 Rf5 48. Kh3 Rc5 49. Kg4 Ka5 50. Rc4 Re5 51. b4+ Kb6 52. Rc5 Re4 53. Rxg5 Rxb4 54. Rf5 f3+ 55. Kxf3 Kc7 56. Kg3 Kd6 57. f4 Rb2 58. Kh3 Ke6 59. g4 Rb7 60. Re5+ Kf6 61. g5+ Kg6 62. Kg4 Kg7 63. f5 Rf7 64. Re6 Rc7 65. Kh5 Kg8 66. f6 Kf7 67. Re7+ Rxe7 68. fxe7 Kxe7 69. Kh6 Kf7 70. Kh7 Kf8 71. g6 Ke7 72. g7 Kf7 73. g8=Q+ Kf6 74. Qe8 Kf5 75. Kg7 Kf4 76. Kf6 Kf3 77. Kf5 Kf2 78. Kf4 Kf1 79. Kf3 Kg1 80. Qe2 1-0

[Event "Gatineau op"]
[Site "Gatineau CAN"]
[Date "2004.02.27"]
[Round "2"]
[White "Thibault, Mario"]
[Black "Arsenault, Michel"]
[Result "0-1"]
[WhiteElo "1678"]
[BlackElo "2025"]
[PlyCount "92"]
[GameId "2160767911192118"]
[EventDate "2004.02.??"]
[EventType "swiss"]
[EventRounds "5"]
[EventCountry "CAN"]
[SourceTitle "EXT 2005"]
[Source "ChessBase"]
[SourceDate "2004.11.15"]
[SourceVersion "1"]
[SourceVersionDate "2004.11.15"]
[SourceQuality "1"]

1. e4 c5 2. Nf3 e6 3. d3 d6 4. g3 Nc6 5. Bg2 g6 6. O-O Bg7 7. c3 e5 8. a3 Nge7 9. b4 O-O 10. Be3 b6 11. Nfd2 Be6 12. Nc4 Qd7 13. Nbd2 f5 14. Bg5 f4 15. b5 Nd8 16. Bxe7 Qxe7 17. a4 Nf7 18. Nf3 g5 19. a5 g4 20. Nfd2 f3 21. Bxf3 gxf3 22. Qxf3 Bh3 23. Rfb1 Ng5 24. Qe2 bxa5 25. Rxa5 Bc8 26. Rf1 Nh3+ 27. Kh1 Bb7 28. Ne3 Qc7 29. Raa1 Qd7 30. c4 Rf7 31. f3 Ng5 32. Ra2 Ne6 33. Nb3 a6 34. bxa6 Rxa6 35. Rxa6 Bxa6 36. Ra1 Qb7 37. Nd2 Nd4 38. Qd1 Bh6 39. f4 exf4 40. gxf4 Bxf4 41. Qg4+ Kh8 42. Rb1 Qc8 43. Qh5 Rg7 44. Nf5 Nxf5 45. exf5 Bxd2 46. Qf3 Bb7 0-1

[Event "Gatineau op"]
[Site "Gatineau CAN"]
[Date "2004.03.05"]
[Round "3"]
[White "Ethier, Valori"]
[Black "Cousineau, Gaston"]
[Result "1-0"]
[WhiteElo "1441"]
[BlackElo "1324"]
[PlyCount "41"]
[GameId "2160767911192119"]
[EventDate "2004.02.??"]
[EventType "swiss"]
[EventRounds "5"]
[EventCountry "CAN"]
[SourceTitle "EXT 2005"]
[Source "ChessBase"]
[SourceDate "2004.11.15"]
[SourceVersion "1"]
[SourceVersionDate "2004.11.15"]
[SourceQuality "1"]

1. e4 e5 2. Bc4 Nh6 3. d4 Nc6 4. Bxh6 gxh6 5. Qh5 Qe7 6. d5 Qb4+ 7. Nd2 Nd4 8. Qxe5+ Qe7 9. Qxd4 Rg8 10. g3 Bg7 11. Qe3 d6 12. Bb5+ Bd7 13. Bxd7+ Kxd7 14. c3 c6 15. Qd3 c5 16. Ngf3 Rgc8 17. O-O c4 18. Qe3 h5 19. Qg5 f6 20. Qf5+ Kc7 21. Nxc4 1-0

[Event "Gatineau op"]
[Site "Gatineau CAN"]
[Date "2004.03.05"]
[Round "3"]
[White "Pilon, Robert"]
[Black "Baril Boudreau, Felix"]
[Result "1-0"]
[WhiteElo "1503"]
[BlackElo "1247"]
[PlyCount "55"]
[GameId "2160767911192120"]
[EventDate "2004.02.??"]
[EventType "swiss"]
[EventRounds "5"]
[EventCountry "CAN"]
[SourceTitle "EXT 2005"]
[Source "ChessBase"]
[SourceDate "2004.11.15"]
[SourceVersion "1"]
[SourceVersionDate "2004.11.15"]
[SourceQuality "1"]

1. d4 d5 2. c4 Nc6 3. Nf3 dxc4 4. e3 Bf5 5. Bxc4 Nf6 6. Nc3 e6 7. a3 a6 8. O-O Bd6 9. Re1 Ne4 10. Bd3 Nxc3 11. bxc3 Bg4 12. h3 h5 13. e4 Bxf3 14. Qxf3 e5 15. Bc4 f6 16. Be3 Qd7 17. a4 O-O-O 18. Reb1 exd4 19. cxd4 Na5 20. Bd3 Nc6 21. e5 Qe7 22. Bf5+ Kb8 23. Qxc6 b6 24. e6 b5 25. Be4 Bh2+ 26. Kh1 Rd5 27. Bxd5 Kc8 28. Qa8# 1-0

[Event "Gatineau op"]
[Site "Gatineau CAN"]
[Date "2004.03.21"]
[Round "5"]
[White "Ethier, Valori"]
[Black "Dagenais, Pierre"]
[Result "0-1"]
[WhiteElo "1441"]
[BlackElo "1232"]
[PlyCount "104"]
[GameId "2160767911192121"]
[EventDate "2004.02.??"]
[EventType "swiss"]
[EventRounds "5"]
[EventCountry "CAN"]
[SourceTitle "EXT 2005"]
[Source "ChessBase"]
[SourceDate "2004.11.15"]
[SourceVersion "1"]
[SourceVersionDate "2004.11.15"]
[SourceQuality "1"]

1. e4 e5 2. Bc4 d6 3. d4 exd4 4. Qxd4 Nc6 5. Qd1 Ne5 6. Be2 Nf6 7. Nc3 Be6 8. Bf4 a6 9. Nf3 Nxf3+ 10. Bxf3 Bd7 11. O-O Be7 12. Re1 O-O 13. e5 Ne8 14. Bxb7 Rb8 15. Qf3 Bg5 16. Bg3 Bc8 17. Bxc8 Qxc8 18. b3 Bd2 19. Re2 Bxc3 20. Qxc3 Rb6 21. Rd1 Qe6 22. Red2 h6 23. a4 Qd7 24. Bf4 Qg4 25. Qg3 f5 26. Qxg4 fxg4 27. Bg3 Rf5 28. exd6 cxd6 29. Bxd6 Nf6 30. Re2 h5 31. Be7 Rb8 32. Rd8+ Rxd8 33. Bxd8 Rd5 34. Kf1 Rxd8 35. Ke1 Kh7 36. c4 Rd3 37. b4 Rd4 38. Rc2 Ne8 39. b5 axb5 40. axb5 Nc7 41. b6 Na6 42. b7 Nb8 43. c5 Rd7 44. c6 Rc7 45. Kd2 Kg8 46. Kd3 Kf7 47. Kd4 Ke6 48. Kc5 Rxc6+ 49. Kb5 Rxc2 50. Kb6 Kd6 51. g3 Rc6+ 52. Kb5 Kc7 0-1

[Event "Gatineau op"]
[Site "Gatineau CAN"]
[Date "2004.03.21"]
[Round "5"]
[White "Rose, Richard1"]
[Black "Arsenault, Michel"]
[Result "1-0"]
[WhiteElo "1817"]
[BlackElo "2025"]
[PlyCount "43"]
[GameId "2160767911192122"]
[EventDate "2004.02.??"]
[EventType "swiss"]
[EventRounds "5"]
[EventCountry "CAN"]
[SourceTitle "EXT 2005"]
[Source "ChessBase"]
[SourceDate "2004.11.15"]
[SourceVersion "1"]
[SourceVersionDate "2004.11.15"]
[SourceQuality "1"]

1. e4 c5 2. Nf3 e6 3. d4 cxd4 4. Nxd4 Nf6 5. Nc3 d6 6. Bb5+ Bd7 7. Bxd7+ Qxd7 8. O-O Nc6 9. Be3 Be7 10. f4 O-O 11. Qf3 a6 12. Rad1 Qc7 13. Kh1 Rac8 14. Rf2 Nxd4 15. Bxd4 e5 16. Be3 b5 17. a3 Qc4 18. g4 exf4 19. Bxf4 b4 20. axb4 Qxb4 21. g5 Rxc3 22. bxc3 1-0

[Event "Granby op"]
[Site "Granby CAN"]
[Date "2004.01.05"]
[Round "4"]
[White "Marcone, Malcom"]
[Black "Deslandes, Raynald"]
[Result "1-0"]
[WhiteElo "1904"]
[BlackElo "1645"]
[PlyCount "143"]
[GameId "2160767911175102"]
[EventDate "2004.04.??"]
[EventType "swiss"]
[EventRounds "7"]
[EventCountry "CAN"]
[SourceTitle "EXT 2005"]
[Source "ChessBase"]
[SourceDate "2004.11.15"]
[SourceVersion "1"]
[SourceVersionDate "2004.11.15"]
[SourceQuality "1"]

1. e4 c5 2. Nf3 d6 3. d4 cxd4 4. Nxd4 Nf6 5. Nc3 a6 6. Be3 e5 7. Nb3 Be6 8. Be2 Be7 9. O-O O-O 10. Qe1 b5 11. a3 Nc6 12. Rd1 b4 13. Nd5 bxa3 14. Nxf6+ Bxf6 15. Bc5 Be7 16. Bxa3 Qc7 17. Rd3 Bc4 18. Rc3 Bxe2 19. Qxe2 Qb6 20. Rd1 Rfd8 21. Qc4 Rac8 22. Rf3 Rf8 23. Qa4 Rcd8 24. Rfd3 Na7 25. Bb4 Qb5 26. Qxb5 Nxb5 27. c4 Nd4 28. Nxd4 exd4 29. Rxd4 Bf6 30. R4d2 Rfe8 31. f3 Rb8 32. Bxd6 Rxb2 33. Rxb2 Bxb2 34. Rb1 Bd4+ 35. Kf1 Rc8 36. Ke2 f6 37. c5 Kf7 38. Rb7+ Kg6 39. Rb4 Be5 40. Bxe5 fxe5 41. Rb6+ Kf7 42. c6 a5 43. Kd3 Ke6 44. Rb7 Kf6 45. c7 Ke7 46. Rb5 Ke6 47. Rxa5 Rxc7 48. Ra6+ Kf7 49. g3 Rc1 50. f4 exf4 51. gxf4 Rh1 52. Ra2 g6 53. e5 Rd1+ 54. Ke4 Re1+ 55. Kf3 Rf1+ 56. Kg4 Rg1+ 57. Kf3 Rf1+ 58. Ke4 Re1+ 59. Kd5 Rd1+ 60. Ke4 Re1+ 61. Kf3 Rf1+ 62. Ke3 Re1+ 63. Re2 Ra1 64. Kf3 Ke6 65. Rb2 Ra3+ 66. Kg4 Ra6 67. Kg5 Rc6 68. Rb7 h5 69. Kxg6 h4 70. Rf7 Rc2 71. Rf6+ Ke7 72. f5 1-0

[Event "Granby op"]
[Site "Granby CAN"]
[Date "2004.05.02"]
[Round "5"]
[White "Vallieres, David"]
[Black "Bourassa, Samuel"]
[Result "1-0"]
[WhiteElo "1196"]
[BlackElo "1488"]
[PlyCount "65"]
[GameId "2160767911175103"]
[EventDate "2004.04.??"]
[EventType "swiss"]
[EventRounds "7"]
[EventCountry "CAN"]
[SourceTitle "EXT 2005"]
[Source "ChessBase"]
[SourceDate "2004.11.15"]
[SourceVersion "1"]
[SourceVersionDate "2004.11.15"]
[SourceQuality "1"]

1. Nf3 Nf6 2. c4 g6 3. Nc3 b6 4. g3 Bb7 5. Bg2 Bg7 6. O-O c5 7. d4 cxd4 8. Nxd4 Bxg2 9. Kxg2 O-O 10. e4 d6 11. Be3 Qc7 12. Rc1 Qxc4 13. b3 Qa6 14. f3 Nbd7 15. Qd2 Ne5 16. Ncb5 Rac8 17. a4 Qb7 18. Rxc8 Rxc8 19. Rc1 a6 20. Rxc8+ Qxc8 21. Qc3 Qxc3 22. Nxc3 Ned7 23. Nc6 Kf8 24. Nb4 Nc5 25. Bxc5 bxc5 26. Nxa6 Nd7 27. Nb5 Ke8 28. Nac7+ Kd8 29. a5 Nb8 30. a6 Nc6 31. Nd5 e6 32. Nb6 Bf8 33. Nc4 1-0

[Event "Granby op"]
[Site "Granby CAN"]
[Date "2004.02.05"]
[Round "6"]
[White "Caire, Francois"]
[Black "Marcone, Malcom"]
[Result "1-0"]
[WhiteElo "2094"]
[BlackElo "1904"]
[PlyCount "44"]
[GameId "2160767911175104"]
[EventDate "2004.04.??"]
[EventType "swiss"]
[EventRounds "7"]
[EventCountry "CAN"]
[SourceTitle "EXT 2005"]
[Source "ChessBase"]
[SourceDate "2004.11.15"]
[SourceVersion "1"]
[SourceVersionDate "2004.11.15"]
[SourceQuality "1"]

1. c4 Nf6 2. Nc3 g6 3. e4 d6 4. d4 Bg7 5. f4 O-O 6. Nf3 Bg4 7. Be2 c5 8. Be3 Bxf3 9. Bxf3 cxd4 10. Bxd4 Nc6 11. Be3 Qa5 12. O-O Ne8 13. Rc1 Bxc3 14. Rxc3 Qxa2 15. Qd2 Qa5 16. f5 Ne5 17. Bh6 Ng7 18. Bd1 f6 19. Qc1 Rac8 20. Bf3 Nf7 21. Bd2 Qc7 22. Bg4 g5 1-0

[Event "Granby op"]
[Site "Granby CAN"]
[Date "2004.05.02"]
[Round "7"]
[White "Lemay, Hugo"]
[Black "Michaud, Pierre"]
[Result "1-0"]
[WhiteElo "1427"]
[BlackElo "1305"]
[PlyCount "115"]
[GameId "2160767911175105"]
[EventDate "2004.04.??"]
[EventType "swiss"]
[EventRounds "7"]
[EventCountry "CAN"]
[SourceTitle "EXT 2005"]
[Source "ChessBase"]
[SourceDate "2004.11.15"]
[SourceVersion "1"]
[SourceVersionDate "2004.11.15"]
[SourceQuality "1"]

1. e4 c5 2. Nf3 d6 3. d4 cxd4 4. Nxd4 Nf6 5. Nc3 a6 6. Be2 e6 7. Be3 Be7 8. g4 Nc6 9. g5 Ng8 10. Nxc6 bxc6 11. Qd2 Rb8 12. O-O-O Qa5 13. f4 d5 14. Bd4 f6 15. gxf6 Nxf6 16. exd5 cxd5 17. Bf3 O-O 18. Rdg1 Bd7 19. h4 Rxb2 20. Kxb2 Ba3+ 21. Ka1 Qb4 22. Nb1 Qxd2 23. Nxd2 Ne8 24. Be5 Bc5 25. Rg2 Ba4 26. Nb3 Bb6 27. Bd4 Bc7 28. Rhg1 Rf7 29. Bg4 Bd7 30. Nc5 Rxf4 31. Bxe6+ Bxe6 32. Nxe6 Rxd4 33. Nxd4 Be5 34. c3 Nd6 35. Kb2 Nc4+ 36. Kb3 h6 37. Rg6 a5 38. Rxh6 Nd2+ 39. Ka4 Nc4 40. Rh5 Bc7 41. Kb5 Ne3 42. Ne6 Kf7 43. Nxc7 g6 44. Rhg5 Nc2 45. Nxd5 Ke6 46. Nf4+ Kf7 47. Rxg6 Ne3 48. h5 Nf5 49. c4 Nd4+ 50. Kb6 Nf5 51. c5 Ne7 52. Rg7+ Ke8 53. Re1 Kd8 54. h6 Nc8+ 55. Kb7 a4 56. Ne6+ Ke8 57. Nc7+ Kf8 58. Re8# 1-0

[Event "Grand 7"]
[Site "Edmonton CAN"]
[Date "2004.05.22"]
[Round "4"]
[White "Hughey, Micah"]
[Black "Kazmaier, Daniel"]
[Result "1-0"]
[WhiteElo "2049"]
[BlackElo "1950"]
[PlyCount "22"]
[GameId "2160767911145717"]
[EventDate "2004.05.22"]
[EventType "swiss"]
[EventRounds "7"]
[EventCountry "CAN"]

1. e4 e6 2. c4 d5 3. cxd5 exd5 4. exd5 Nf6 5. Bb5+ Bd7 6. Qb3 Bc5 7. Ne2 Bd6 8. Nbc3 a6 9. Bxd7+ Nbxd7 10. Qxb7 Nb6 11. b4 O-O 1-0

[Event "Guelph Pro-Am int. U2300"]
[Site "Guelph CAN"]
[Date "2004.07.29"]
[Round "1"]
[White "Joydev, Saha"]
[Black "Siddeley, Hugh"]
[Result "1/2-1/2"]
[WhiteElo "2233"]
[BlackElo "2009"]
[PlyCount "111"]
[GameId "2160767911094813"]
[EventDate "2004.07.29"]
[EventType "swiss"]
[EventRounds "9"]
[EventCountry "CAN"]

1. e4 c5 2. Nf3 Nc6 3. c3 Nf6 4. Bd3 d5 5. e5 Ng4 6. Bb5 Qc7 7. d4 Bf5 8. Nbd2 e6 9. Nh4 Nh6 10. O-O cxd4 11. cxd4 Be7 12. Ndf3 Bg4 13. Bxh6 gxh6 14. Qa4 O-O 15. h3 Bh5 16. Rac1 Qd8 17. Bxc6 bxc6 18. g3 Rb8 19. b3 f6 20. Qxc6 Rb6 21. Qc7 fxe5 22. Qxd8 Bxd8 23. Nxe5 Bxh4 24. gxh4 Rb7 25. Rc3 Rf4 26. Rfc1 Rxd4 27. Rg3+ Kf8 28. Rc8+ Be8 29. Ng4 Ke7 30. Ne5 Kf8 31. Kg2 Rf4 32. Nd3 Rf6 33. Nc5 Re7 34. Re3 Kf7 35. Nd3 Rf5 36. f4 Bb5 37. Ne5+ Kf6 38. Rf8+ Kg7 39. Rb8 Be8 40. Rg3+ Kf8 41. Kf3 Rc7 42. Ke3 Rc3+ 43. Nd3 Rc7 44. a4 Ke7 45. Rg7+ Rf7 46. Rg8 Rf8 47. Rg1 Bg6 48. Rxf8 Kxf8 49. Ne5 Rc3+ 50. Kd4 Rxb3 51. Nxg6+ hxg6 52. Rxg6 Rb4+ 53. Ke5 Re4+ 54. Kf6 Rxf4+ 55. Ke5 Rd4 56. Kxd4 1/2-1/2

[Event "Guelph Pro-Am int. U2300"]
[Site "Guelph CAN"]
[Date "2004.07.29"]
[Round "2"]
[White "Becker, Paul"]
[Black "Bluvshtein, Ilia"]
[Result "1/2-1/2"]
[WhiteElo "2012"]
[BlackElo "2129"]
[PlyCount "37"]
[GameId "2160767911094814"]
[EventDate "2004.07.29"]
[EventType "swiss"]
[EventRounds "9"]
[EventCountry "CAN"]

1. e4 e5 2. Nf3 Nc6 3. Bb5 f5 4. Nc3 Nf6 5. d3 d6 6. exf5 Bxf5 7. Bg5 Be7 8. d4 e4 9. d5 Nxd5 10. Qxd5 exf3 11. O-O Bxg5 12. Rfe1+ Be7 13. Qxf5 Qd7 14. Qxf3 O-O-O 15. Nd5 Rde8 16. Nb4 d5 17. Nxd5 Bc5 18. Ne3 Rhf8 19. Qe2 1/2-1/2

[Event "Guelph Pro-Am int. U2300"]
[Site "Guelph CAN"]
[Date "2004.07.30"]
[Round "3"]
[White "Joydev, Saha"]
[Black "Gregorz, Ralph"]
[Result "1-0"]
[WhiteElo "2233"]
[BlackElo "2064"]
[PlyCount "41"]
[GameId "2160767911094815"]
[EventDate "2004.07.29"]
[EventType "swiss"]
[EventRounds "9"]
[EventCountry "CAN"]

1. e4 e6 2. d4 d5 3. Nc3 dxe4 4. Nxe4 Bd7 5. Nf3 Bc6 6. Bd3 Nd7 7. O-O Ngf6 8. Neg5 Bd6 9. c4 Bxf3 10. Qxf3 c6 11. Bf4 Bxf4 12. Qxf4 O-O 13. Rad1 h6 14. Nf3 Qb8 15. Qh4 Qc7 16. Rfe1 Qa5 17. g4 Rfe8 18. g5 hxg5 19. Nxg5 Kf8 20. Qh8+ Ng8 21. Qh5 1-0

[Event "Guelph Pro-Am int. U2300"]
[Site "Guelph CAN"]
[Date "2004.07.30"]
[Round "4"]
[White "Bluvshtein, Ilia"]
[Black "Joydev, Saha"]
[Result "1-0"]
[WhiteElo "2129"]
[BlackElo "2233"]
[PlyCount "131"]
[GameId "2160767911094816"]
[EventDate "2004.07.29"]
[EventType "swiss"]
[EventRounds "9"]
[EventCountry "CAN"]

1. e4 e5 2. Nf3 Nc6 3. d4 exd4 4. Bc4 Nf6 5. e5 d5 6. Bb5 Ne4 7. Nxd4 Bd7 8. Bxc6 bxc6 9. O-O g6 10. f3 Nc5 11. Be3 Ne6 12. Nxe6 fxe6 13. c4 Bg7 14. Qd4 c5 15. Qxc5 Bxe5 16. Nc3 c6 17. Rfe1 Qh4 18. f4 Bxc3 19. bxc3 Qe7 20. Qa5 Kf7 21. Rab1 Bc8 22. Bc5 Qd8 23. Qa4 Qd7 24. Rb2 Re8 25. h3 Qc7 26. Rbe2 a5 27. cxd5 cxd5 28. Bd4 Ba6 29. Re3 Qc4 30. Qxa5 Bb5 31. Qb6 Qc6 32. Qxc6 Bxc6 33. R3e2 Ra6 34. Bc5 Ra4 35. g3 Rc4 36. Bd4 Ra4 37. Rb1 Rea8 38. Rb6 R4a6 39. Rxa6 Rxa6 40. Rb2 Ke7 41. Kf2 Ra5 42. Ke3 Rb5 43. Rc2 Rb1 44. Bc5+ Kf6 45. Kf2 Rh1 46. Bd4+ Ke7 47. Kg2 Rb1 48. g4 Bb5 49. a4 Bxa4 50. Ra2 Bc6 51. Kg3 Rb7 52. Ra8 Be8 53. Kh4 h5 54. Bc5+ Kd7 55. Kg5 hxg4 56. hxg4 Rc7 57. Ra5 Rb7 58. Kf6 Rc7 59. Bd4 Rb7 60. Ra6 Rc7 61. Be5 Rc6 62. Ra7+ Kd8 63. Kg7 Bd7 64. Kxg6 Rc4 65. g5 Rc8 66. Kf6 1-0

[Event "Guelph Pro-Am int. U2300"]
[Site "Guelph CAN"]
[Date "2004.07.31"]
[Round "5"]
[White "Ellis, James"]
[Black "Bluvshtein, Ilia"]
[Result "1/2-1/2"]
[WhiteElo "2217"]
[BlackElo "2129"]
[PlyCount "106"]
[GameId "2160767911094817"]
[EventDate "2004.07.29"]
[EventType "swiss"]
[EventRounds "9"]
[EventCountry "CAN"]

1. e4 e5 2. Nf3 Nc6 3. Bb5 f5 4. Bxc6 dxc6 5. Nc3 Nf6 6. Qe2 fxe4 7. Nxe4 Bg4 8. h3 Bxf3 9. Qxf3 Qd5 10. d3 Bb4+ 11. Ke2 O-O 12. Be3 Rae8 13. Nxf6+ Rxf6 14. Qe4 Ba5 15. f3 Qd6 16. Raf1 Bb6 17. Kd1 Qd5 18. Bxb6 axb6 19. Qa4 b5 20. Qb3 Kh8 21. Re1 b4 22. Re4 Ra8 23. Rxb4 Qxb3 24. Rxb3 Rxa2 25. Rxb7 h5 26. Kd2 h4 27. Rb4 g5 28. Re1 Re6 29. Kc3 Kg7 30. Rc4 Kf6 31. Ree4 Ra1 32. Rg4 Rh1 33. Rc5 Rd6 34. Re4 Rg1 35. Rg4 Re6 36. f4 gxf4 37. d4 exd4+ 38. Kxd4 Ke7 39. Rf5 Re2 40. Re5+ Rxe5 41. Kxe5 Rc1 42. Rxh4 Rxc2 43. Rh7+ Kd8 44. Kxf4 Rxg2 45. Rh8+ Kd7 46. Rb8 Ke6 47. h4 Kf6 48. h5 Rh2 49. Kg4 Kg7 50. b4 Rb2 51. Rb7 Kh6 52. Rb8 Rb1 53. Rh8+ Kg7 1/2-1/2

[Event "Guelph Pro-Am int. U2300"]
[Site "Guelph CAN"]
[Date "2004.08.01"]
[Round "7"]
[White "Jung, Hans"]
[Black "Bluvshtein, Ilia"]
[Result "1-0"]
[WhiteElo "2200"]
[BlackElo "2129"]
[PlyCount "105"]
[GameId "2160767911094818"]
[EventDate "2004.07.29"]
[EventType "swiss"]
[EventRounds "9"]
[EventCountry "CAN"]

1. Nf3 Nf6 2. c4 g6 3. b3 Bg7 4. Bb2 O-O 5. e3 b6 6. d4 d5 7. Ne5 Bb7 8. Be2 dxc4 9. Bf3 Qc8 10. bxc4 Nfd7 11. Nxd7 Nxd7 12. O-O c5 13. Nd2 cxd4 14. exd4 Nc5 15. Qc2 Ne6 16. d5 Nd4 17. Bxd4 Bxd4 18. Rab1 Qd7 19. h4 Rac8 20. Qd3 Bg7 21. h5 e6 22. hxg6 hxg6 23. Qa3 Ba8 24. Rfd1 exd5 25. cxd5 Rc3 26. Qb4 Bxd5 27. Nb3 Rxf3 28. gxf3 Qf5 29. Qg4 Qc2 30. Rbc1 Qxa2 31. Rxd5 Qxb3 32. Rd7 Qb2 33. Rcc7 a5 34. Qc4 Qf6 35. Qd5 a4 36. Rc6 Qa1+ 37. Kg2 a3 38. Rxb6 Qe5 39. Qd2 Qc5 40. Rbb7 Qc4 41. Rd8 Rxd8 42. Qxd8+ Kh7 43. Rb1 Qf4 44. Rh1+ Bh6 45. Rh4 Qe5 46. Qd2 g5 47. Qd3+ f5 48. Ra4 Bf8 49. Ra7+ Kg6 50. Qd7 g4 51. Qf7+ Kg5 52. Qxf8 gxf3+ 53. Kh3 1-0